| 000 | 00458cam a2200193ua 4500 | ||
|---|---|---|---|
| 001 | 92 | ||
| 008 | 110316n ii |||gr||||Z||||||eng | ||
| 020 | _a81-8333-163-7 | ||
| 040 | _cMAIN | ||
| 082 | _a005 | ||
| 245 |
_aLet us c. _cBy Yashvant Kanetkar. |
||
| 250 | _a9th. | ||
| 260 |
_aNew Delhi.: _bBPB., _c2009. |
||
| 300 |
_axix, 758 p.: _bill.; _c20 cm. |
||
| 653 | _aComputer Science. | ||
| 653 | _aLet us C. | ||
| 700 | 1 | _aKanetkar, Yashvant., | |
| 942 | _cBK | ||
| 999 |
_c83 _d83 |
||